| 000 | 00560nam a22001937a 4500 | ||
|---|---|---|---|
| 005 | 20180424123545.0 | ||
| 010 | _aENG-122794 | ||
| 020 |
_a9789387432376 _c425.00 |
||
| 020 |
_a9387432378 _c425.00 |
||
| 035 | _aEN-106326 | ||
| 037 | _bDBAD/PUB | ||
| 082 | _a621.381 | ||
| 100 | _aSalivahanan S | ||
| 245 |
_aElectronic devices / _cby S Salivahanan |
||
| 260 |
_bTata McGraw Hill _c2018 _aNew Delhi |
||
| 270 |
_aP-24, Green Park Extnsion _bNew Delhi _e110016 |
||
| 300 |
_a253 p. _c26 cm.(pbk) _bill. |
||
| 942 |
_2ddc _cEN _mSAI _h621.381 |
||
| 999 |
_c151725 _d151725 |
||